KOHA-Header-6

Qualitative Methods in Social Research (Record no. 8255)

000 -LEADER
fixed length control field 00285nam a2200109Ia 4500
100 ## - MAIN ENTRY--AUTHOR NAME
Personal name Kristin G. Esterberg
245 #0 - TITLE STATEMENT
Title Qualitative Methods in Social Research
260 ## - PUBLICATION, DISTRIBUTION, ETC. (IMPRINT)
Place of publication New York
Name of publisher Prentice Hall
Year of publication 1996
300 ## - PHYSICAL DESCRIPTION
Number of Pages 450
942 ## - ADDED ENTRY ELEMENTS (KOHA)
Koha item type Books
Holdings
Withdrawn status Lost status Collection code Permanent Location Current Location Shelving location Date acquired Full call number Accession Number Koha item type
    Business MAJU MAJU   2019-09-13 658.4 2839 Business

Powered by Koha